LEADER 01095nam0-2200373---450- 001 990008684760403321 005 20120423145017.0 010 $a1-58488-640-4 035 $a000868476 035 $aFED01000868476 035 $a(Aleph)000868476FED01 035 $a000868476 100 $a20080704d2008----km-y0itay50------ba 101 0 $aeng 102 $aUS 105 $aa-------001yy 200 1 $aOptimal control applied to biological models$fS. Lenhart, J. T. Workman 210 $aBoca Raton$cChapman & Hall/CRC$dc2007 215 $aXII, 261 p.$d24 cm 225 1 $aMathematical and computing biology series 610 0 $aModelli biologici 610 0 $aBiologia generale e biomatematica 676 $a570.15$v22 700 1$aLenhart,$bSuzanne$0311805 701 1$aWorkman,$bJohn T.$0311806 801 0$aIT$bUNINA$gRICA$2UNIMARC 901 $aBK 912 $a990008684760403321 952 $a123-I-13$b23266$fMA1 952 $aFIRB-92-(016$b23431$fMA1 959 $aMA1 962 $a92B05 996 $aOptimal control applied to biological models$9717317 997 $aUNINA LEADER 00751nam0-22002771i-450 001 990001704050403321 005 20190523105336.0 035 $a000170405 035 $aFED01000170405 035 $a(Aleph)000170405FED01 100 $a20030910d1980----km-y0itay50------ba 101 0 $aita 200 1 $a<>susino$fcollana diretta da Enrico Baldini, Franco Scaramuzzi 210 $aRoma$cREDA$d1980 215 $a233 p.$d21 cm 225 1 $aFrutticoltura anni '80$v2 610 0 $aPrunus 676 $a634.22 702 1$aBaldini,$bEnrico$f<1925- > 801 0$aIT$bUNINA$gRICA$2UNIMARC 901 $aBK 912 $a990001704050403321 952 $a60 634.22 BALE 1980$b48006$fFAGBC 959 $aFAGBC 996 $aSusino$974324 997 $aUNINA LEADER 03253nam 2200577Ia 450 001 9910777684503321 005 20200520144314.0 010 $a94-012-0387-3 010 $a1-4294-8108-0 035 $a(CKB)1000000000475295 035 $a(EBL)556884 035 $a(OCoLC)714568420 035 $a(SSID)ssj0000134792 035 $a(PQKBManifestationID)11954076 035 $a(PQKBTitleCode)TC0000134792 035 $a(PQKBWorkID)10054059 035 $a(PQKB)11650010 035 $a(MiAaPQ)EBC556884 035 $a(Au-PeEL)EBL556884 035 $a(CaPaEBR)ebr10380349 035 $a(NjHacI)991000000000475295 035 $a(EXLCZ)991000000000475295 100 $a19990819d2006 uy 0 101 0 $ager 135 $aur|n|---||||| 181 $ctxt 182 $cc 183 $acr 200 00$aDaphnis$b[electronic resource] $eZeitschrift fur mittlere deutsche Literatur und Kultur der fruhen Neuzeit (1400-1750)$hBand 35, Heft 1-2 /$fherausgegeben von Barbara Becker-Cantarino ...[et. al.] 210 $aAmsterdam $cRodopi$d2006 210 1$aAmsterdam :$cRodopi,$d2006. 215 $a1 online resource (381 p.) 225 1 $aDaphnis ;$v35/1-2 300 $aIncludes index. 311 $a90-420-2138-1 327 $aAntonius von Pforr und die Herren von Scho?nau: Ein neuaufgefundenes Lebenszeugnis zum Verfasser des Buches der Beispiele.; ""Rudimenta Reuchliniana"". Faber Stapulensis auf den Spuren des Hebraisten Johannes Reuchlin.; Akkumulation von Ansehenskapital. Die Gedenkschrift fu?r Johann Valentin Andreae - Edition mit einer Bibliographie der gedruckten werke von Gottlieb Andreae.; ""Fu?rbild aller Tugenden"". Rhetorik und Moral in der barocken Trauerspielpoetik.; Daniel Casper von Lohenstein's Diplomatic Memorial to Emperor Leopold I for the Estates of Legnica, Brzeg, and Wo?o?w. 327 $aVon Alexanders Mord-Banquet bis zur Kindheit Mosis. Eine unbekannte Kollektion von Theaterzetteln der Wanderbu?hne.Der Vormund des Hanswurst. Der Eggenbergische Hofkomo?diant Johann Valentin Petzold und sein Kilian Brustfleck.; Reiseerlebnis und Gesellschaftskritik in Friedrich Nicolais Roman Leben und Meinungen des Herrn Magisters Sebaldus Nothanker.; MISZELLEN; REZENSIONEN; INHALT 330 $aInhalt Michael BAERMANN: Antonius von Pforr und die Herren von Schoenau: Ein neuaufgefundenes Lebenszeugnis zum Verfasser des 'Buches der Beispiele' Ulli ROTH: Rudimenta Reuchliniana. Faber Stapulensis auf den Spuren des Hebraisten Johannes Reuchlin Sabine KOLOCH, unter Mitarbeit von Frank BOEHLING und Hermann EHMER: Akkumulation von Ansehenskapital. Die Gedenkschrift fuer Johann Valentin Andreae - Edition mit einer Bibliographie der gedruckten Werke von Gottlieb Andreae Thomas MARTINEC: Fuerbild aller Tugenden. Rhetorik und Moral in der barocken Trauerspielpoetik Joshua P. WATERMAN: Daniel Ca 410 0$aDaphnis ;$v35/1-2. 606 $aGerman literature$yEarly modern, 1500-1700 607 $aGermany$xHistory 615 0$aGerman literature 676 $a830/.9 702 $aBecker-Cantarino$b Barbara 801 0$bMiAaPQ 801 1$bMiAaPQ 801 2$bMiAaPQ 906 $aBOOK 912 $a9910777684503321 996 $aDaphnis$9892726 997 $aUNINA